<?xml version="1.0" encoding="UTF-8"?><?xml-stylesheet type="text/xsl" href="static/style.xsl"?><OAI-PMH xmlns="http://www.openarchives.org/OAI/2.0/" xmlns:xsi="http://www.w3.org/2001/XMLSchema-instance" xsi:schemaLocation="http://www.openarchives.org/OAI/2.0/ http://www.openarchives.org/OAI/2.0/OAI-PMH.xsd"><responseDate>2026-04-27T19:49:35Z</responseDate><request verb="GetRecord" identifier="oai:uvadoc.uva.es:10324/45732" metadataPrefix="marc">https://uvadoc.uva.es/oai/request</request><GetRecord><record><header><identifier>oai:uvadoc.uva.es:10324/45732</identifier><datestamp>2021-06-23T09:56:38Z</datestamp><setSpec>com_10324_1138</setSpec><setSpec>com_10324_931</setSpec><setSpec>com_10324_894</setSpec><setSpec>col_10324_1226</setSpec></header><metadata><record xmlns="http://www.loc.gov/MARC21/slim" xmlns:doc="http://www.lyncode.com/xoai" xmlns:xsi="http://www.w3.org/2001/XMLSchema-instance" xmlns:dcterms="http://purl.org/dc/terms/" xsi:schemaLocation="http://www.loc.gov/MARC21/slim http://www.loc.gov/standards/marcxml/schema/MARC21slim.xsd">
<leader>00925njm 22002777a 4500</leader>
<datafield tag="042" ind1=" " ind2=" ">
<subfield code="a">dc</subfield>
</datafield>
<datafield tag="720" ind1=" " ind2=" ">
<subfield code="a">Obisike, Vanessa L.</subfield>
<subfield code="e">author</subfield>
</datafield>
<datafield tag="720" ind1=" " ind2=" ">
<subfield code="a">Tamayo Gómez, Eduardo</subfield>
<subfield code="e">author</subfield>
</datafield>
<datafield tag="720" ind1=" " ind2=" ">
<subfield code="a">Heredia Rodríguez, María</subfield>
<subfield code="e">author</subfield>
</datafield>
<datafield tag="260" ind1=" " ind2=" ">
<subfield code="c">2016</subfield>
</datafield>
<datafield tag="520" ind1=" " ind2=" ">
<subfield code="a">Latest guidelines on resuscitation of cardiac arrest in adults have highlighted again the importance of beginning cardiopulmonary resuscitation (CPR) as earlier as possible with high-quality chest compressions (depth of 5–6 cm, rate of 100–120 compressions per minute with complete chest recoil, and minimizing interruptions) in order to optimize the cardiac output as much as possible, and thus ensuring both better perfusion of essential organs (heart and brain) and outcomes. The effectiveness of each compression should be determined by the volume of venous blood returned to the heart. An increased volume should correspond to a higher stroke volume. The manoeuvre of passive leg raising in adults has been estimated to increase approximately 300 ml of blood volume to the heart. This extra amount of blood can improve the results obtained with CPR by (i) increasing the stroke volume with each compression, and (ii) redistributing more efficiently the blood volume, mainly to vital organs (heart and brain) and not to lower extremities. This manoeuvre should be performed in presence of two or more assistants or on a chair, if close; which does not interfere with the performance of the high quality CPR (compressions, ventilations and defibrillations). Therefore, in our opinion, we believe it should be important to recommend performing this new manoeuvre in CPR until further scientific evidence will support or reject it.</subfield>
</datafield>
<datafield tag="024" ind2=" " ind1="8">
<subfield code="a">Resuscitation, 2016, vol. 101.</subfield>
</datafield>
<datafield tag="024" ind2=" " ind1="8">
<subfield code="a">0300-9572</subfield>
</datafield>
<datafield tag="024" ind2=" " ind1="8">
<subfield code="a">http://uvadoc.uva.es/handle/10324/45732</subfield>
</datafield>
<datafield tag="024" ind2=" " ind1="8">
<subfield code="a">10.1016/j.resuscitation.2015.11.033</subfield>
</datafield>
<datafield tag="245" ind1="0" ind2="0">
<subfield code="a">Passive leg raising in CPR: Increasing the effectiveness of each compression</subfield>
</datafield>
</record></metadata></record></GetRecord></OAI-PMH>